| 000 | 00679nam a22002055i 4500 | ||
|---|---|---|---|
| 001 | 177836 | ||
| 003 | ES-MaACL | ||
| 005 | 20250516063031.0 | ||
| 008 | 110429s2007 sp |||| | spa d | ||
| 020 | _a978-84-96890-26-8 | ||
| 080 | _a821.134.2-14"19" | ||
| 100 | 1 |
_aDomínguez Millán, Enrique _945226 |
|
| 245 | 1 | 0 |
_aCantos de soledad / _cEnrique Domínguez Millán. |
| 260 |
_aCuenca : _bDiputación Provincial de Cuenca, _cimp. 2007. |
||
| 300 |
_a83 p. ; _c21 cm. |
||
| 490 | 1 |
_aColección Golfo de Europa. Poesía ; _v9 |
|
| 830 | 0 |
_aColección Golfo de Europa. Poesía ; _v9 _9190607 |
|
| 852 |
_aES-MaACL _j2296-F-6 |
||
| 999 |
_c177836 _d177836 |
||